Seeds for the Future : The Impact of Genetically Modified Crops on the Environment /

Contenido: 1) Mejoramiento fitogenético clásico y los cultivos modificados genéticamente; 2) Plantas resistentes a los insectos; 3) Plantas tolerantes a herbicidas; 4) Plantas tolerantes a los virus y a la sequías; 5) Efectos en la biodiversidad; 6) Cultivos con mal comportamiento: propagación del p...

Повний опис

Збережено в:
Бібліографічні деталі
Автор: Thomson, Jennifer A. (autor)
Формат: Книга
Мова:Англійська
Опубліковано: Ithaca, EUA : Cornell University, 2007, c2006
Предмети:
Теги: Додати тег
Немає тегів, Будьте першим, хто поставить тег для цього запису!

MARC

LEADER 00000nam^a2200000^a^4500
001 000275181
005 20250521000000.0
009 20260310111224.084
020 |a 978-0-8014-7368-5 
037 |a Acervo ITESO - Biblioteca 
041 |a ING 
082 |a 631. 5233  |b THO 
100 |a Thomson, Jennifer A.  |e (autor) 
245 1 0 |a Seeds for the Future :  |b The Impact of Genetically Modified Crops on the Environment /  |c J.A. Thomson ; pról. de Gordon Conway. 
264 4 |a Ithaca, EUA :  |b Cornell University,  |c 2007, c2006 
300 |a XVIII, 158 p. 
336 |a texto  |b txt  |2 rdacontenido 
337 |a sin mediación  |b n  |2 rdamedio 
338 |a volumen  |b nc  |2 rdasoporte 
520 |a Contenido: 1) Mejoramiento fitogenético clásico y los cultivos modificados genéticamente; 2) Plantas resistentes a los insectos; 3) Plantas tolerantes a herbicidas; 4) Plantas tolerantes a los virus y a la sequías; 5) Efectos en la biodiversidad; 6) Cultivos con mal comportamiento: propagación del polen, su prevención y coexistencia de plantas modificadas genéticamente con variedades convencionales; 7) Cuando las plantas no tienen el mismo parentesco: transferencia genética horizontal; 8) Regulación de la bio-seguridad, comercio y aspectos legales; 9) Mirada al futuro. 
649 |a XX 
650 |a Plantas Transgénicas -  |x Tema Principal 
650 |a Cultivos -  |x Aspectos Tecnológicos 
650 |a Impacto Ambiental -  |x Tema Principal 
650 |a Ingeniería Genética -  |x Tema Principal 
650 |a Ecología Vegetal 
650 |a Genética Vegetal 
650 |a Agricultura 
910 |a Fondo General 
920 |a Impresos - Libros 
930 |a Colección General 
905 |a 101 
901 |a 0500160608  |b IT1  |c ACC  |u 20250521 
902 |a https://opac.biblio.iteso.mx/vufind/Record/000275181